000 01405cam a2200385 i 4500
001 1523849381
003 MaObMVR
005 20260407141544.0
007 t|
008 251124s2026 nyub d 000 1 eng c
010 _a 2025024399
020 _a9780593813881
_qhardcover
020 _a9780593813911
_qtrade paperback
035 _a(OCoLC)1523849381
040 _aDLC
_beng
_erda
_cDLC
_dDLC-MRC
_dDLC
_dTnLvILS
042 _apcc
_acyac
100 1 _aZhao, Amelie Wen,
_eauthor.
_4aut.
_4http://id.loc.gov/vocabulary/ relators/aut
_944140
245 1 4 _aThe dragon and the sun lotus /
_cAmelie Wen Zhao.
300 _a386 pages :
_bmap ;
_c24 cm.
490 0 _aThe three realms ;
_v2.
520 _a"With An'ying's kingdom teetering on the brink of destruction, and amidst a budding forbidden romance, she must now risk everything to protect her world"--
521 _aAges 14 and up
_bDelacorte Press.
650 0 _aDemonology
_vFiction.
650 0 _aImmortality
_vFiction.
650 1 _aDemons
_vFiction.
_955656
650 1 _aImmortality
_vFiction.
650 1 _aKings, queens, rulers, etc.
_vFiction.
650 1 _aFantasy.0http://id.loc.gov/authorities/childrensSubjects/ sj2001010209.
_955657
650 1 _aRomance stories.
_942809
655 7 _aFantasy fiction.
_2lcgft
655 7 _aRomance fiction.
_2lcgft
655 7 _aNovels.
_2lcgft
907 _a.b515037643
942 _2ddc
_cBK
999 _c129594
_d129594